000 00722nam a2200229Ia 4500
005 20260429112020.0
008 260429s9999||||xx |||||||||||||| ||und||
020 _a9781032461830
041 _aEnglish
082 _a371.3
_bARM
100 _aArmour-Thomas, Eleanor
245 0 _aPrinciples of dynamic pedagogy :
_ban integrative model of curriculum, instruction, and assessment for prospective and in-service teachers /
_cEleanor Armour-Thomas
250 _a1st ed.
260 _aNew York :
_bRoutledge,
_c2025.
300 _aix, 161 p.; pbk
650 _a Curriculum
650 _a Instructional design
650 _a Teacher education
650 _aPedagogy
700 _a Gordon, Edmund W.
942 _cTB
999 _c51903
_d51903